Why nations go to war / (Record no. 2133)

MARC details
000 -LEADER
fixed length control field 00595cam a2200205 4500
001 - CONTROL NUMBER
control field 2671
005 - DATE AND TIME OF LATEST TRANSACTION
control field 20181127165453.0
008 - FIXED-LENGTH DATA ELEMENTS--GENERAL INFORMATION
fixed length control field 970909s1998 nyub b 001 0 eng
010 ## - LIBRARY OF CONGRESS CONTROL NUMBER
LC control number 97065187
020 ## - INTERNATIONAL STANDARD BOOK NUMBER
International Standard Book Number 0312116098 (pbk.)
International Standard Book Number 0312176376
100 1# - MAIN ENTRY--PERSONAL NAME
Personal name Stoessinger, John George.
245 10 - TITLE STATEMENT
Title Why nations go to war /
Statement of responsibility, etc. John G. Stoessinger.
250 ## - EDITION STATEMENT
Edition statement 7th ed.
260 ## - PUBLICATION, DISTRIBUTION, ETC.
Place of publication, distribution, etc. New York :
Name of publisher, distributor, etc. St. Martin's,
Date of publication, distribution, etc. c1998.
300 ## - PHYSICAL DESCRIPTION
Extent xiii, 239 p. :
Other physical details maps ;
Dimensions 22 cm.
504 ## - BIBLIOGRAPHY, ETC. NOTE
Bibliography, etc. note Includes bibliographical references and index.
650 #0 - SUBJECT ADDED ENTRY--TOPICAL TERM
Topical term or geographic name entry element History, Modern
Chronological subdivision 20th century.
Topical term or geographic name entry element War.
Holdings
Withdrawn status Lost status Source of classification or shelving scheme Damaged status Not for loan Collection code Home library Current library Shelving location Date acquired Serial Enumeration / chronology Inventory number Total Checkouts Full call number Barcode Date last seen Price effective from Koha item type
    Dewey Decimal Classification     Main TEST RTC Library RTC Library Main opac 12/01/2022 969   303.6 STO 30005266 12/01/2022 27/11/2018 Main
Royal Thimphu College || All Right Reserved